| 000 | 00731nam a2200169 4500 | ||
|---|---|---|---|
| 008 | 231219b |||||||| |||| 00| 0 eng d | ||
| 020 | _a091908088x | ||
| 027 | _aFCM 1047E | ||
| 082 |
_a305.42 _bINC |
||
| 245 |
_aIncreasing Women’s participation in Municipal decision-making processes: _b strategies for more inclusive Canadian communities |
||
| 260 |
_aOntario: _bFederation of Canadian Municipalities, _c2004 |
||
| 300 |
_a68 p. _bBibliography included |
||
| 650 | _aGender equality | ||
| 650 | _aWomen in government | ||
| 856 | _uhttps://fcm.ca/sites/default/files/documents/resources/tool/increasing-womens-participation-in-municipal-decision-making-strategies-for-more-inclusive-canadian-communities-wilg.pdf | ||
| 942 | _cRP | ||
| 999 |
_c4532 _d4532 |
||